EL CHILE (Registro nro. 57569)
[ vista simple ]
| 000 -LEADER | |
|---|---|
| fixed length control field | 00733nam a2200181 a 4500 |
| 001 - CONTROL NUMBER | |
| control field | 57569 |
| 005 - DATE AND TIME OF LATEST TRANSACTION | |
| control field | 20180714053816.0 |
| 008 - FIXED-LENGTH DATA ELEMENTS--GENERAL INFORMATION | |
| fixed length control field | 140415s2011 mx 000 0 spa d |
| 020 ## - INTERNATIONAL STANDARD BOOK NUMBER | |
| International Standard Book Number | 9786078172009 |
| 041 ## - LANGUAGE CODE | |
| Language code of text/sound track or separate title | spa |
| 082 ## - DEWEY DECIMAL CLASSIFICATION NUMBER | |
| Classification number | 641.6384 |
| Item number | CHI |
| 245 03 - TITLE STATEMENT | |
| Title | EL CHILE |
| 250 ## - EDITION STATEMENT | |
| Edition statement | 1a ed. |
| 260 ## - PUBLICATION, DISTRIBUTION, ETC. | |
| Place of publication, distribution, etc. | MEXICO : |
| Name of publisher, distributor, etc. | FUNDACION HERDEZ A.C., |
| Date of publication, distribution, etc. | 2011 |
| 300 ## - PHYSICAL DESCRIPTION | |
| Extent | 527 |
| Dimensions | 18 x 1 x 17.8 |
| 520 ## - SUMMARY, ETC. | |
| Summary, etc. | CON EL FIN DE FESTEJAR EL BICENTENARIO DE LA INDEPENDENCIA Y EL CENTENARIO DE LA REVOLUCION DE MEXICO, FUNDACION HERDEZ ORGANIZŇ EL CICLO DE CONFERENCIAS EL CHILE. PROTAGOSNITAS DE LA INDEPENDENCIA Y LA REVOLUCION CUYOS TEXTOS ESTAN CONTENIDOS EN LAS PRESENTES MEMORIAS. |
| 650 14 - SUBJECT ADDED ENTRY--TOPICAL TERM | |
| Topical term or geographic name entry element | AJI |
| General subdivision | MEXICO |
| -- | HISTORIA |
| -- | AJI |
| -- | COCINA |
| Withdrawn status | Lost status | Source of classification or shelving scheme | Damaged status | Not for loan | Collection code | Home library | Current library | Shelving location | Date acquired | Source of acquisition | Inventory number | Total Checkouts | Full call number | Barcode | Date last seen | Date last checked out | Price effective from | Koha item type |
|---|---|---|---|---|---|---|---|---|---|---|---|---|---|---|---|---|---|---|
| Dewey Decimal Classification | General | Biblioteca Karol Wojtyla | Biblioteca Karol Wojtyla | Sala general | 03/12/2013 | Compra | 151000000000000000009504 | 641.6384 CHI | 87032 | 05/01/2026 | 01/09/2016 | 03/12/2013 | Libro |